| 000 | 00435nam a2200133Ia 4500 | ||
|---|---|---|---|
| 008 | 220216s9999 xx 000 0 und d | ||
| 100 | _aFlorence E J M | ||
| 245 | 0 | _aEffect of humidity, temperature and wood moisture content on the growth of Botryodiploida theobromae on rubberwood | |
| 260 |
_bJournal of Tropical Forest Products _c2001 |
||
| 300 | _a82-86 | ||
| 500 | _aCAB CD 2002/08-2003/10 | ||
| 700 | _aSharma J K | ||
| 942 | _cBO | ||
| 999 |
_c47899 _d47899 |
||